LEADER 01575nam a2200337 u 4500 001 000000004128 003 CaOOAMICUS 005 20070226104622.0 008 940514s1979 it u000 u ita u 035 $a10108106 040 $aNjPT$bita$cNjPT$dPUL(R) 100 1 $aBelardinelli, Mario,$d1940-$0(OLS)http://pul/name/4268 245 10$aMovimento cattolico e questione comunale dopo l'unità /$cMario Belardinelli. 260 $aRoma :$bStudium,$cc1979. 300 $a193 p. ;$c17 cm 490 1 $aNuova universale Studium ;$v33 504 $aIncludes bibliographical references. 610 24$aChiesa cattolica$xStoria$ySec. XIX-XX.$0(OLS)http://pul/subject/3481 650 4$aMovimento cattolico.$0(OLS)http://pul/subject/3482 650 0$aMunicipal government$zItaly.$2//eng$0(OLS)http://pul/subject/3483 650 0$aChurch and state$zItaly$xHistory$y19th century.$2//eng$0(OLS)http://pul/subject/3484 830 0$aNuova universale Studium ;$v33.$0(OLS)http://pul/title/109 850 $aPUL 852 $aPUL$W1$xDP1 Cons. Gen., Altre Classi 1$y22$m43 N 43$j5809$nBK-PRI$b $qStampati$B5809$CPULBib$Z2$F5809 $H $81 852 $aPUL$W1$xDP1 Fondo Maccarrone$y58$m1522 B 8$j5810$nBK-PRI$b $qFondi$B5810$CPULBib$Z2$F5810 $H $81 941 1 $a8 941 1 $a1 961 $aINV: 82318 961 $aINV: F. Maccarrone 996 $6245$aMovimento cattolico e questione comunale dopo l'unità$9(OLS)http://pul/title/5983 996 $6260$aRoma :$bStudium$9(OLS)http://pul/publisher/47892 LEADER 01204nam a2200277 u 4500 001 000000007176 003 CaOOAMICUS 005 20070226104944.0 008 941103s1946 it u000 u ita u 035 $a10186646 040 $aIAR$bita 100 1 $aCroce, Benedetto,$d1866-1952.$0(OLS)http://pul/name/495 245 13$aLa critica e la storia delle arti figurative :$bquestioni di metodo /$cBenedetto Croce. 250 $a2. ed. accresciuta. 260 $aBari :$bG. Laterza,$c1946. 300 $a296 p. ;$c20 cm 490 1 $aBiblioteca di cultura moderna ;$v252 500 $aNota bibliografica p. [287] 650 0$aArt criticism.$2//eng$0(OLS)http://pul/subject/6417 650 0$aAesthetics.$2//eng$0(OLS)http://pul/subject/4888 830 0$aBiblioteca di cultura moderna (Editori Laterza) ;$v252.$0(OLS)http://pul/title/3128 850 $aPUL 852 $aPUL$W1$xDP1 Fondo Cecchetti$y53$m268 F 35$j10104$nBK-PRI$b $qFondi$B10104$CPULBib$Z2$F10104 $HPUL2440 $81 941 1 $a1 996 $6245$aLa critica e la storia delle arti figurative :$bquestioni di metodo$9(OLS)http://pul/title/10528 996 $6260$aBari :$bG. Laterza$9(OLS)http://pul/publisher/48242